|
000
|
00887nam0 2200265 45
|
|
001
|
552225000170
|
|
005
|
20081205153157.0
|
|
010
|
|
@a978-7-5402-2015-0@dCNY30.00
|
|
100
|
|
@a20081204d2008 km y0chiy0121 ea
|
|
101
|
0
|
@achi
|
|
102
|
|
@aCN@b110000
|
|
105
|
|
@ay z 000yy
|
|
106
|
|
@ar
|
|
200
|
1
|
@a新编电子与电路操作实用技术@Axin bian dian zi yu dian lu cao zuo shi yong ji shu@f杨玉林主编
|
|
205
|
|
@a第一版
|
|
210
|
|
@a北京@c北京燕山出版社@d2008.8
|
|
215
|
|
@a466页@c图@d20cm
|
|
225
|
2
|
@a现代技能培训手册@Axian dai ji neng pei xun shou ce
|
|
330
|
|
@a本书收录了电路模型和电路定律、线性电阻电路分析、动态电路的时域分析、正弦稳态交流电路。
|
|
410
|
0
|
@12001 @a现代技能培训手册
|
|
606
|
0
|
@a电子电路@Adian zi dian lu@x技术手册
|
|
690
|
|
@aTN7@v4
|
|
701
|
0
|
@a杨玉林@Ayang yu lin@4主编
|
|
801
|
0
|
@aCN@bCDNYKJZYXY@c20081205
|
|
905
|
|
@aCDNYKJZYXY@dTN7@e31@f5
|
|
|
|
|
| |
| 新编电子与电路操作实用技术/杨玉林主编.-第一版.-北京:北京燕山出版社,2008.8 |
| 466页:图;20cm.-(现代技能培训手册) |
| |
| |
| ISBN 978-7-5402-2015-0:CNY30.00 |
| 本书收录了电路模型和电路定律、线性电阻电路分析、动态电路的时域分析、正弦稳态交流电路。 |
| ● |
正题名:新编电子与电路操作实用技术
索取号:TN7/31
 
预约/预借
| 序号
|
登录号
|
条形码
|
馆藏地/架位号
|
状态
|
备注
|
|
1
|
226564
|
300226564
|
海科密-1楼/23架14列2层/
[索取号:TN7/31]
|
在馆
|
|
|
2
|
226565
|
300226565
|
海科密-1楼/23架14列2层/
[索取号:TN7/31]
|
在馆
|
|
|
3
|
226566
|
300226566
|
海科密-1楼/23架14列2层/
[索取号:TN7/31]
|
在馆
|
|
|
4
|
226567
|
300226567
|
海科密-1楼/23架14列2层/
[索取号:TN7/31]
|
在馆
|
|
|
5
|
226568
|
300226568
|
海科密-1楼/23架14列2层/
[索取号:TN7/31]
|
在馆
|
|